|
|
|
|
| LEADER |
01712nam a2200445 4500 |
| 001 |
ocn779616895 |
| 003 |
OCoLC |
| 005 |
20170124071647.6 |
| 006 |
m o d |
| 007 |
cr cn||||||||| |
| 008 |
120309s2012 gw obf 000 0 eng d |
| 040 |
|
|
|a DG1
|b eng
|c DG1
|d OCLCQ
|d OCLCO
|d OCLCF
|d OCLCA
|d OCL
|d OCLCQ
|d DG1
|d GrThAP
|
| 020 |
|
|
|a 9783527644032
|q (electronic bk.)
|
| 020 |
|
|
|a 3527644032
|q (electronic bk.)
|
| 029 |
1 |
|
|a AU@
|b 000049014130
|
| 029 |
1 |
|
|a DEBBG
|b BV041829409
|
| 029 |
1 |
|
|a GBVCP
|b 790036533
|
| 029 |
1 |
|
|a NZ1
|b 15915727
|
| 035 |
|
|
|a (OCoLC)779616895
|
| 037 |
|
|
|a 10.1002/9783527644032
|b Wiley InterScience
|n http://www3.interscience.wiley.com
|
| 050 |
|
4 |
|a QD281.P6
|b M37 2012
|
| 082 |
0 |
4 |
|a 668.9
|2 23
|
| 049 |
|
|
|a MAIN
|
| 100 |
1 |
|
|a Mascia, L.
|
| 245 |
1 |
0 |
|a Polymers in industry from A to Z :
|b a concise encyclopedia /
|c Leno Mascia.
|
| 264 |
|
1 |
|a Weinheim :
|b Wiley-VCH ;
|c 2012.
|
| 264 |
|
2 |
|a Chichester :
|b John Wiley [distributor],
|c 2012.
|
| 300 |
|
|
|a 1 online resource (1 volume)
|
| 336 |
|
|
|a text
|b txt
|2 rdacontent
|
| 337 |
|
|
|a computer
|b c
|2 rdamedia
|
| 338 |
|
|
|a online resource
|b cr
|2 rdacarrier
|
| 504 |
|
|
|a Includes bibliographical references.
|
| 650 |
|
0 |
|a Polymers
|v Handbooks, manuals, etc.
|
| 650 |
|
7 |
|a Polymers.
|2 fast
|0 (OCoLC)fst01070588
|
| 655 |
|
4 |
|a Electronic books.
|
| 655 |
|
7 |
|a Handbooks and manuals.
|2 fast
|0 (OCoLC)fst01423877
|
| 710 |
2 |
|
|a Wiley InterScience (Online service)
|
| 776 |
0 |
8 |
|i Print version:
|a Mascia, L.
|t Polymers in industry from A to Z.
|d Weinheim : Wiley-VCH ; Chichester : John Wiley [distributor], 2012
|z 9783527329649
|w (OCoLC)757148933
|
| 856 |
4 |
0 |
|u https://doi.org/10.1002/9783527644032
|z Full Text via HEAL-Link
|
| 994 |
|
|
|a 92
|b DG1
|